five countries with the most jews by continent - Statistics

General Stats
  • This quiz has been taken 122 times
    92 since last reset
  • The average score is 22 of 30
Answer Stats
% Correct
canada
98%
united states
98%
israel
96%
united kingdom
94%
france
93%
germany
92%
brazil
89%
mexico
89%
russia
89%
australia
84%
argentina
83%
new zealand
83%
south africa
82%
chile
78%
india
75%
morocco
73%
panama
71%
uruguay
71%
iran
70%
turkey
67%
venezuela
67%
fiji
66%
ukraine
65%
costa rica
59%
tunisia
57%
kenya
45%
palau
41%
azerbaijan
35%
vanuatu
33%
uganda
28%
No matching quizzes found
Score Distribution
Percent of People with Each Score
Percentile by Number Answered
Your Score History
You have not taken this quiz since the last reset